|
|
|
|
| LEADER |
01552nam a2200385 a 4500 |
| 001 |
EBC1035088 |
| 003 |
MiAaPQ |
| 005 |
20200520144314.0 |
| 006 |
m o d | |
| 007 |
cr cn||||||||| |
| 008 |
120523s2012 enka sb 001 0 eng d |
| 020 |
|
|
|z 9781780527345
|
| 020 |
|
|
|a 9781780527352 (electronic bk.)
|
| 035 |
|
|
|a (MiAaPQ)EBC1035088
|
| 035 |
|
|
|a (Au-PeEL)EBL1035088
|
| 035 |
|
|
|a (CaPaEBR)ebr10559559
|
| 035 |
|
|
|a (CaONFJC)MIL357246
|
| 035 |
|
|
|a (OCoLC)792750122
|
| 040 |
|
|
|a MiAaPQ
|c MiAaPQ
|d MiAaPQ
|
| 050 |
|
4 |
|a HF5657.4
|b .S57 2012
|
| 100 |
1 |
|
|a Sisaye, Seleshi.
|
| 245 |
1 |
3 |
|a An organizational learning approach to process innovations
|h [electronic resource] :
|b the extent and scope of diffusion and adoption in management accounting systems /
|c by Seleshi Sisaye, Jacob G. Birnberg.
|
| 250 |
|
|
|a 1st ed.
|
| 260 |
|
|
|a Bingley :
|b Emerald,
|c 2012.
|
| 300 |
|
|
|a xxiii, 146 p. :
|b ill.
|
| 490 |
1 |
|
|a Studies in managerial and financial accounting,
|x 1479-3512 ;
|v v. 24
|
| 504 |
|
|
|a Includes bibliographical references and indexes.
|
| 533 |
|
|
|a Electronic reproduction. Ann Arbor, MI : ProQuest, 2015. Available via World Wide Web. Access may be limited to ProQuest affiliated libraries.
|
| 650 |
|
0 |
|a Managerial accounting.
|
| 650 |
|
0 |
|a Accounting.
|
| 655 |
|
4 |
|a Electronic books.
|
| 700 |
1 |
|
|a Birnberg, Jacob G.
|
| 710 |
2 |
|
|a ProQuest (Firm)
|
| 830 |
|
0 |
|a Studies in managerial and financial accounting ;
|v v. 24.
|
| 856 |
4 |
0 |
|u https://ebookcentral.proquest.com/lib/matrademy/detail.action?docID=1035088
|z Click to View
|